Egy zseniális gondolat története és utóélete

Elmentve itt :
Bibliográfiai részletek
Szerző: SZŐCS Károly
Adatforrás:Meister
Forrásdokumentuma:A Hét. -
8-9 sz., 1992, p.
Nyelv:magyar
Kulcsszavak:tudománytörténet
paleomagnetológia
WEGENER Alfréd
LEADER 00409nab a2200145 i 4500
001 bibPRO00006436
008 060524s1992 xx hun
040 |a Sz1 
041 |a hun 
100 1 |a SZŐCS Károly 
245 1 4 |a Egy zseniális gondolat története és utóélete  |c SZŐCS Károly 
695 |a tudománytörténet 
695 |a paleomagnetológia 
695 |a WEGENER Alfréd 
773 0 |t A Hét. -  |g 8-9 sz., 1992, p.